| 000 | 01011nam a2200253Ia 4500 | ||
|---|---|---|---|
| 003 | OSt | ||
| 005 | 20210417225318.0 | ||
| 008 | 210310s1993 ck gr 000 0 spa d | ||
| 040 |
_aCO-JMCR _cCO-JMCR |
||
| 041 | 0 | _aspa | |
| 082 | 0 | 4 |
_a336.27 / _bZ38r _223 |
| 100 | 1 |
_aZarta Avila, Plinio, _914938 _eautor |
|
| 245 | 1 | 0 |
_aRenta, ventas, timbre : _bvisión general / _cPlinio Zarta Avila, Ana Clovis Niño Ramírez, Ricardo A. Avendaño Calderón |
| 260 |
_aBogotá : _bDirección de Impuestos y Aduanas Nacionales, _c1993 |
||
| 300 |
_b44 páginas ; _c21 cm. |
||
| 504 | _aBibliografía: páginas 43-44 | ||
| 505 | 0 | _aRentas y complementarios -- Retención en la fuente -- Impuesto sobre las ventas -- Impuesto de timbre | |
| 650 | 1 | 4 |
_aRentas _914940 _zColombia |
| 650 | 2 | 4 |
_aImpuestos sobre la renta _zColombia _936945 |
| 650 | 2 | 4 |
_aPolítica fiscal _zColombia _96903 |
| 700 | 1 |
_aNiño Ramírez, Ana Clovis, _eautora _936946 |
|
| 700 | 1 |
_aAvendaño Calderón, Ricardo A., _eautor _936947 |
|
| 942 |
_2ddc _cBK |
||
| 999 |
_c7612 _d7612 |
||